01009nam a2200277 4500003000400000005001700004008004100021040001800062041001300080050002600093100002200119245015200141264010700293300002500400336002200425337002400447338002400471650002500495650003300520650003300553650002900586650005800615650002700673942001400700999001700714OSt20260601193840.0260508b1974 cn a|||| |||| 00| 0 eng d aICIbspacICI 1aengafre 1aHD9999.D452bA73 1974 1aArcher, L. Bruce, 1aDesign awareness and planned creativity in industry :bconnaissance du design et la créativité planifiée dans l'industrie /cL. Bruce Archer. bDepartment of Industry, Trade and Commerce and the Design Council of Great Britain,c1974.a[London] : a112 páginasc23cm. atexto2rdacontent asin medio2rdamedia avolumen2rdacarrier aDiseño industrial. aCreatividad en la industria. aInnovaciones tecnológicas. aDesarrollo de productos. aIndustria manufactureraxInnovaciones tecnológicas. aDiseño de productos. 2lcccBn1 c21421d21421